Guia informática sobre la violencia doméstica (Registro nro. 7025)
[ vista simple ]
| 000 -Cabecera | |
|---|---|
| Campo de control de longitud fija | 00658aam a2200241 4500 |
| 005 - Fecha y hora de la última transacción | |
| Campo de control | 20250812172945.0 |
| 008 - Elementos de longitud fija--Información general | |
| Campo de control de longitud fija | 150730b2005 xxu||||| |||| 00| 0 spa d |
| 020 ## - International Standard Book Number | |
| Número Internacional Estándar del Libro (ISBN) | 9968792306 |
| 041 ## - Idioma | |
| Código de idioma | Español |
| 082 ## - Clasificación Decimal Dewey | |
| Número de clasificación | 362.829.2 M977g |
| 100 ## - Entrada principal--Autor personal | |
| Nombre personal | Murillo Alvarado, Rosibelle |
| 9 (RLIN) | 39714 |
| 100 ## - Entrada principal--Autor personal | |
| Nombre personal | Aviles Chavarria, Ana Paula |
| 9 (RLIN) | 39715 |
| 100 ## - Entrada principal--Autor personal | |
| Nombre personal | Zamora Montes, Ramón |
| 9 (RLIN) | 39716 |
| 245 ## - Título propiamente dicho | |
| Título | Guia informática sobre la violencia doméstica |
| 260 ## - Pie de imprenta | |
| Lugar de publicación, distribución, etc. | Costa Rica |
| 260 ## - Pie de imprenta | |
| Nombre del editor, distribuidor, etc. | CONAMAJ |
| 260 ## - Pie de imprenta | |
| Fecha de publicación, distribución, etc. | 2005 |
| 300 ## - Descripción física | |
| Extensión | 25 páginas |
| 490 ## - Serie | |
| Título de la Serie | Investigación Criminal |
| 650 ## - Materia general | |
| Temática (materia general) | DERECHO PENAL |
| 650 ## - Materia general | |
| Temática (materia general) | VIOLENCIA DOMÉSTICA |
| 942 ## - Punto de acceso adicional KOHA | |
| Tipo de ítem KOHA | Libro |
| Fuente del sistema de clasificación o colocación | Dewey Decimal Classification |
| Signatura completa | Código de barras | Programa Académico | Tipo de ítem |
|---|---|---|---|
| 362.829.2 M977g | 12175 | Investigación Criminal | Libro |